On the Simplicial 3-polytopes with Only Two Types od Edges

Salvato in:
Dettagli Bibliografici
Autore principale: Jendroľ, Stanislav
Altri autori: Tkáč, Michal, 1958-
Natura: Capitolo di libro
Lingua:inglese
Tags: Aggiungi Tag
Nessun Tag, puoi essere il primo ad aggiungerne!!

MARC

LEADER 00000naa a2200000 4500
001 0167348
005 20240502083409.4
041 0 |a eng 
044 |a NL 
245 1 0 |a On the Simplicial 3-polytopes with Only Two Types od Edges  |c Stanislav Jendroľ, Michal Tkáč 
100 1 |a Jendroľ, Stanislav 
700 1 |a Tkáč, Michal, 1958-